| 000 | 00568nam a2200205 a 4500 | ||
|---|---|---|---|
| 005 | 20230623063608.0 | ||
| 008 | 140613s2006 mx r 000 0 spa d | ||
| 020 | _a9709436139 | ||
| 035 | _aUPN01000197846 | ||
| 049 | _aI | ||
| 050 | 4 |
_aPZ73 _bM3.5 |
|
| 100 | 1 |
_aMafud Mafud, Héctor Anuar _935716 |
|
| 245 | 1 | 3 |
_aEl gato montés / _cHéctor Anuar Mafud. |
| 260 |
_aMéxico : _bCantera Verde, _c2006. |
||
| 300 |
_a[39] p. : _bil. col. |
||
| 440 | 0 |
_aSueños son ; _v2 |
|
| 650 | 4 |
_aCuentos infantiles mexicanos _97723 |
|
| 905 | _aInfantil | ||
| 999 |
_c169947 _d169947 |
||